| 000 | 01222ngm a22003610a 4500 | ||
|---|---|---|---|
| 001 | PT16209 | ||
| 003 | AR-LpoUNG | ||
| 005 | 20210202000201.0 | ||
| 007 | vd cvaizq | ||
| 008 | 191001suuuu||||ag |||||||||||||||||spa d | ||
| 037 | _c$11.66 | ||
| 040 |
_aAR-LpoUNG _bspa _cAR-LpoUNG _eaacr |
||
| 041 | _aspa | ||
| 044 | _aag | ||
| 082 | 0 | _a920 834gen | |
| 100 | 1 |
_aCoscia, Jorge _edir. |
|
| 245 | 1 | 3 | _aEl general y la fiebre |
| 260 |
_aBuenos Aires : _bBlackman, _c1993. |
||
| 300 | _aVHS (85 min.) : son., col. | ||
| 505 | 0 | _aHecha en 1993. - Diálogos en castellano. - Créditos: Guión, Julio Fernández Baraibar y Jorge Coscia; música, José Luis Castiñeira de Dios. - Elenco, Ruben Stella, Licia Tizziani, Raúl Brambilla, Jorger Arán y Germán Mendieta. | |
| 520 | _aEl film muestra al General San Martín durante su estancia en la pequeña localidad de Saldán, restableciéndose de una enfermedad y recordando su pasado. | ||
| 650 | 4 | _aAMERICA LATINA | |
| 650 | 4 | _aARGENTINA | |
| 650 | 4 | _aBIOGRAFIAS | |
| 650 | 4 | _aHISTORIA | |
| 650 | 4 | _aINDEPENDENCIA | |
| 650 | 4 | _aLIBERACION | |
| 651 | 4 | _aArgentina | |
| 653 | _aCINE ARGENTINO | ||
| 653 | _aVIDEOS | ||
| 905 | _a16209 | ||
| 942 | _cVIDEO | ||
| 999 |
_c54289 _d54289 |
||